[Event "Munich op 9192"]
[Site "Munich"]
[Date "1992.??.??"]
[Round "8"]
[White "Spassov, Liuben"]
[Black "Huenerkopf, Heinz"]
[Result "1/2-1/2"]
[WhiteElo "2415"]
[BlackElo "2275"]
[PlyCount "94"]
[EventDate "1992.01.??"]
[EventType "swiss"]
[EventRounds "9"]
[EventCountry "GER"]
[SourceTitle "TD"]
[Source "ChessBase"]
[SourceDate "1994.03.01"]
[SourceVersion "1"]
[SourceVersionDate "1994.03.01"]
[SourceQuality "1"]

1. Nf3 Nf6 2. g3 g6 3. Bg2 Bg7 4. 0-0 0-0 5. c4 d5 6. d4 dxc4 7. Na3 c3 8. bxc3 c5 9. e3 Nc6 10. Bb2 Bf5 11. Qe2 e5 12. Rfc1 Bg4 13. Qb5 exd4 14. cxd4 Bxf3 15. Bxf3 cxd4 16. Rd1 Ne8 17. Bxc6 Nc7 18. Qa4 bxc6 19. Bxd4 Bxd4 20. Rxd4 Qf6 21. Rc1 Ne6 22. Rd6 Rad8 23. Nc4 c5 24. Rcd1 Rxd6 25. Rxd6 Qf3 26. h4 Rb8 27. Qc2 Rd8 28. Ne5 Qf6 29. Rxd8+ Qxd8 30. Qa4 Qe7 31. Qc6 Kg7 32. Nc4 Qf6 33. a4 Qc3 34. Qd5 Qa1+ 35. Kg2 Qxa4 36. Qe5+ Kg8 37. Qb8+ Nf8 38. Ne5 Qe4+ 39. Kh2 Qd5 40. Qc7 h5 41. e4 Qa2 42. Kg2 Qe6 43. Qxc5 f6 44. Nf3 Qxe4 45. Qxa7 g5 46. hxg5 fxg5 47. Qe3 Qxe3 1/2-1/2

[Event "BL2-Sued 8990"]
[Site "Germany"]
[Date "1990.??.??"]
[Round "?.4"]
[White "Huenerkopf, Heinz"]
[Black "Riefner, Edwin"]
[Result "1/2-1/2"]
[WhiteElo "2295"]
[BlackElo "2230"]
[PlyCount "74"]
[EventDate "1989.10.??"]
[EventType "team-tourn"]
[EventRounds "9"]
[EventCountry "GER"]
[SourceTitle "GER-chT2"]
[Source "ChessBase"]
[SourceDate "1999.07.01"]
[SourceVersion "1"]
[SourceVersionDate "1999.07.01"]
[SourceQuality "1"]
[WhiteTeam "Erlangen"]
[BlackTeam "Marktheidenfeld"]
[WhiteTeamCountry "GER"]
[BlackTeamCountry "GER"]

1. e4 e6 2. d4 d5 3. Nd2 Nf6 4. e5 Nfd7 5. Bd3 c5 6. c3 Nc6 7. Ne2 cxd4 8. cxd4 f6 9. exf6 Nxf6 10. Nf3 Bd6 11. 0-0 0-0 12. h3 e5 13. dxe5 Nxe5 14. Nxe5 Bxe5 15. Qb3 Kh8 16. Bf4 Bxf4 17. Nxf4 Qd6 18. Ne2 Nh5 19. Rad1 Nf4 20. Nxf4 Rxf4 21. Rfe1 Be6 22. Qxb7 Raf8 23. Qa6 Qxa6 24. Bxa6 Bg8 25. Re2 Ra4 26. Bb7 Rxa2 27. Bxd5 Rd8 28. Bb3 Rxd1+ 29. Bxd1 g5 30. Rd2 Kg7 31. Bf3 a5 32. Rd7+ Kf6 33. Ra7 a4 34. Bc6 Bb3 35. Ra5 h6 36. Kh2 Rxb2 37. Bxa4 Bxa4 1/2-1/2

[Event "BL2-Sued 8990"]
[Site "Germany"]
[Date "1990.??.??"]
[Round "?.5"]
[White "Oesterle, Peter"]
[Black "Huenerkopf, Heinz"]
[Result "1/2-1/2"]
[WhiteElo "2260"]
[BlackElo "2295"]
[PlyCount "21"]
[EventDate "1989.10.??"]
[EventType "team-tourn"]
[EventRounds "9"]
[EventCountry "GER"]
[SourceTitle "GER-chT2"]
[Source "ChessBase"]
[SourceDate "1999.07.01"]
[SourceVersion "1"]
[SourceVersionDate "1999.07.01"]
[SourceQuality "1"]
[WhiteTeam "Ulm"]
[BlackTeam "Erlangen"]
[WhiteTeamCountry "GER"]
[BlackTeamCountry "GER"]

1. e4 c5 2. Nf3 d6 3. g3 Nc6 4. Bg2 g6 5. 0-0 Bg7 6. c3 e5 7. Na3 Nge7 8. Nc2 Qb6 9. Ne3 0-0 10. d3 h6 11. Nh4 1/2-1/2

[Event "Gausdal Int"]
[Site "Gausdal"]
[Date "1989.??.??"]
[Round "?"]
[White "Inkiov, Ventzislav"]
[Black "Huenerkopf, Heinz"]
[Result "1-0"]
[WhiteElo "2475"]
[BlackElo "2230"]
[PlyCount "102"]
[EventDate "1989.08.??"]
[EventType "swiss"]
[EventRounds "9"]
[EventCountry "NOR"]
[SourceTitle "EXT 1997"]
[Source "ChessBase"]
[SourceDate "1996.11.15"]
[SourceVersion "1"]
[SourceVersionDate "1996.11.15"]
[SourceQuality "1"]

1. d4 Nf6 2. c4 g6 3. Nc3 d5 4. Nf3 Bg7 5. Bf4 0-0 6. e3 c5 7. dxc5 Ne4 8. Rc1 Nxc3 9. bxc3 dxc4 10. Qxd8 Rxd8 11. Bxc4 Nd7 12. Bg5 Re8 13. Bb5 a6 14. Ba4 h6 15. Bf4 Rf8 16. Bxd7 Bxd7 17. Bc7 Rfc8 18. Bb6 e6 19. Nd2 Bc6 20. f3 Bf8 21. Kf2 f5 22. Nc4 Bd5 23. Nd6 Rc6 24. c4 Bxf3 25. Kxf3 Bxd6 26. cxd6 Rxb6 27. c5 Rc6 28. Rb1 Rb8 29. Rhc1 Kf7 30. Rb6 e5 31. Rxc6 bxc6 32. Rd1 g5 33. e4 f4 34. d7 Ke7 35. Kg4 Kd8 36. Kf5 Rb2 37. Ke6 g4 38. Rd3 h5 39. Kxe5 Rxg2 40. Kxf4 Rxh2 41. e5 Rf2+ 42. Kg5 g3 43. e6 Re2 44. Kf6 Rf2+ 45. Ke5 Re2+ 46. Kd6 h4 47. Rd4 h3 48. Rh4 Rd2+ 49. Kxc6 Ke7 50. Rxh3 g2 51. Rg3 Rxa2 1-0

[Event "BL2-Sued 8889"]
[Site "Germany"]
[Date "1989.??.??"]
[Round "?.3"]
[White "Rother, Christoph"]
[Black "Huenerkopf, Heinz"]
[Result "1-0"]
[WhiteElo "2360"]
[BlackElo "2230"]
[PlyCount "113"]
[EventDate "1988.10.??"]
[EventType "team-tourn"]
[EventRounds "9"]
[EventCountry "GER"]
[SourceTitle "GER-chT2"]
[Source "ChessBase"]
[SourceDate "1999.07.01"]
[SourceVersion "1"]
[SourceVersionDate "1999.07.01"]
[SourceQuality "1"]
[WhiteTeam "Regensburg"]
[BlackTeam "Erlangen"]
[WhiteTeamCountry "GER"]
[BlackTeamCountry "GER"]

1. Nf3 Nf6 2. c4 g6 3. Nc3 d5 4. cxd5 Nxd5 5. Qa4+ Bd7 6. Qh4 Nf6 7. d4 h6 8. e4 Bg7 9. Ne5 Nc6 10. Nxc6 bxc6 11. Bc4 Qc8 12. 0-0 Rb8 13. Re1 g5 14. Qg3 0-0 15. e5 Nh7 16. h4 g4 17. b3 Be6 18. Bd3 Rd8 19. Be3 c5 20. d5 Bxd5 21. Bxc5 Qe6 22. Rac1 Nf8 23. Nxd5 Qxd5 24. Bc4 Qd7 25. e6 Nxe6 26. Bxe6 fxe6 27. Bxa7 Rb7 28. Be3 e5 29. h5 Qf5 30. Rc4 e4 31. Bf4 e5 32. Bc1 Rd3 33. Qh2 Rd4 34. Rc6 Qd7 35. Rc2 Rd1 36. Rce2 Rxe1+ 37. Rxe1 Rb4 38. Be3 Rb5 39. g3 Rd5 40. Qg2 Rd1 41. Qf1 Rd3 42. Qe2 Bf8 43. Qc2 c6 44. Rc1 Ba3 45. Qc4+ Qd5 46. Rc2 Rd1+ 47. Kg2 Bf8 48. Qxc6 Qd3 49. Qg6+ Kh8 50. Qf6+ Kg8 51. Qe6+ Kh8 52. Qxe5+ Kg8 53. Qe6+ Kh8 54. Qf6+ Kg8 55. Qg6+ Kh8 56. Bd4+ Qxd4 57. Rc7 1-0

[Event "Bundesliga 8788"]
[Site "Germany"]
[Date "1988.??.??"]
[Round "?.3"]
[White "Huenerkopf, Heinz"]
[Black "Hartmann, Gerald"]
[Result "1/2-1/2"]
[WhiteElo "2245"]
[BlackElo "2330"]
[PlyCount "50"]
[EventDate "1987.10.??"]
[EventType "team-tourn"]
[EventRounds "15"]
[EventCountry "GER"]
[SourceTitle "GER-chT"]
[Source "ChessBase"]
[SourceDate "1999.07.01"]
[SourceVersion "1"]
[SourceVersionDate "1999.07.01"]
[SourceQuality "1"]
[WhiteTeam "Erlangen"]
[BlackTeam "Bamberg"]
[WhiteTeamCountry "GER"]
[BlackTeamCountry "GER"]

1. e4 d5 2. exd5 Nf6 3. c4 e6 4. dxe6 Bxe6 5. Nf3 Nc6 6. Be2 Bc5 7. 0-0 Qd7 8. b4 Bd4 9. Nxd4 Nxd4 10. Bb2 0-0-0 11. a4 Rhe8 12. Re1 Bf5 13. Na3 Qe7 14. Bxd4 Rxd4 15. d3 Qd8 16. Nc2 Rd7 17. Ra3 Ne4 18. Qc1 Nf6 19. Qd2 h5 20. Bf1 Rxe1 21. Nxe1 Ng4 22. a5 Ne5 23. Qf4 Qf6 24. a6 b6 25. b5 g5 1/2-1/2

[Event "Bundesliga 8788"]
[Site "Germany"]
[Date "1988.??.??"]
[Round "?.3"]
[White "Huenerkopf, Heinz"]
[Black "Heyken, Enno"]
[Result "1/2-1/2"]
[WhiteElo "2245"]
[BlackElo "2370"]
[PlyCount "101"]
[EventDate "1987.10.??"]
[EventType "team-tourn"]
[EventRounds "15"]
[EventCountry "GER"]
[SourceTitle "GER-chT"]
[Source "ChessBase"]
[SourceDate "1999.07.01"]
[SourceVersion "1"]
[SourceVersionDate "1999.07.01"]
[SourceQuality "1"]
[WhiteTeam "Erlangen"]
[BlackTeam "Lasker Steglitz"]
[WhiteTeamCountry "GER"]
[BlackTeamCountry "GER"]

1. e4 e6 2. d4 d5 3. Nd2 Nf6 4. Bd3 c5 5. e5 Nfd7 6. c3 Nc6 7. Ne2 cxd4 8. cxd4 f6 9. exf6 Nxf6 10. Nf3 Bd6 11. 0-0 0-0 12. h3 Bd7 13. Re1 Qb6 14. Nc3 Rae8 15. Be3 Qd8 16. Rc1 Re7 17. Ne5 Be8 18. f4 Nh5 19. Ne2 g5 20. Rf1 Rg7 21. Nxc6 Bxc6 22. fxg5 Bb8 23. g4 Qd6 24. Rxf8+ Kxf8 25. Qf1+ Rf7 26. Qg2 Ng3 27. Nxg3 Qxg3 28. Qxg3 Bxg3 29. Kg2 Bc7 30. g6 hxg6 31. Bxg6 Rf6 32. Bd3 e5 33. Bg5 Re6 34. Bf5 Re8 35. Bd7 Bxd7 36. Rxc7 Bc6 37. h4 exd4 38. h5 Kg8 39. h6 Re6 40. h7+ Kh8 41. Kf2 d3 42. Rf7 Bb5 43. Be3 Re4 44. Bg5 Re6 45. Rxb7 a6 46. Be3 Re4 47. Bg5 Re6 48. a4 Bxa4 49. b3 Bb5 50. Be3 Re4 51. Bg5 1/2-1/2

[Event "Gausdal Int"]
[Site "Gausdal"]
[Date "1988.??.??"]
[Round "?"]
[White "Huenerkopf, Heinz"]
[Black "Ostenstad, Berge"]
[Result "0-1"]
[WhiteElo "2230"]
[BlackElo "2405"]
[PlyCount "68"]
[EventDate "1988.08.??"]
[EventType "swiss"]
[EventRounds "9"]
[EventCountry "NOR"]
[SourceTitle "EXT 1997"]
[Source "ChessBase"]
[SourceDate "1996.11.15"]
[SourceVersion "1"]
[SourceVersionDate "1996.11.15"]
[SourceQuality "1"]

1. e4 c6 2. d4 d5 3. exd5 cxd5 4. c4 Nf6 5. Nc3 e6 6. Nf3 Be7 7. cxd5 Nxd5 8. Bd3 0-0 9. 0-0 Nc6 10. Re1 Qd6 11. a3 Rd8 12. Ne5 Nxe5 13. dxe5 Qd7 14. Qc2 Nxc3 15. Bxh7+ Kh8 16. bxc3 g6 17. Bxg6 fxg6 18. Qxg6 Qd3 19. Qh5+ Qh7 20. Bh6 Bd7 21. Re3 Bf8 22. Rh3 Bxh6 23. Qxh6 Qxh6 24. Rxh6+ Kg7 25. Rf6 Rac8 26. h3 Rc5 27. f4 Rf8 28. Rd1 Bc6 29. Rxe6 Rxf4 30. Rdd6 Rf5 31. Rg6+ Kf7 32. Rh6 Rcxe5 33. Rh7+ Ke8 34. Rg6 Rf7 0-1

[Event "Bundesliga 8788"]
[Site "Germany"]
[Date "1987.??.??"]
[Round "?.3"]
[White "Conquest, Stuart"]
[Black "Huenerkopf, Heinz"]
[Result "0-1"]
[WhiteElo "2395"]
[BlackElo "2255"]
[PlyCount "98"]
[EventDate "1987.10.??"]
[EventType "team-tourn"]
[EventRounds "15"]
[EventCountry "GER"]
[SourceTitle "GER-chT"]
[Source "ChessBase"]
[SourceDate "1999.07.01"]
[SourceVersion "1"]
[SourceVersionDate "1999.07.01"]
[SourceQuality "1"]
[WhiteTeam "Kreuzberg"]
[BlackTeam "Erlangen"]
[WhiteTeamCountry "GER"]
[BlackTeamCountry "GER"]

1. d4 Nf6 2. c4 g6 3. Nc3 d5 4. Nf3 Bg7 5. Qb3 dxc4 6. Qxc4 0-0 7. e4 a6 8. Be2 b5 9. Qb3 c5 10. dxc5 Be6 11. Qc2 Qc7 12. Nd4 Qxc5 13. Nxe6 fxe6 14. Be3 Qc6 15. Rc1 Nbd7 16. 0-0 b4 17. Na4 Qxc2 18. Rxc2 Nxe4 19. Rc7 Nef6 20. Bd2 Rfd8 21. Re1 Nd5 22. Rb7 Ne5 23. Nc5 Rd6 24. Bxb4 Nxb4 25. Rxb4 Rc8 26. Ne4 Rdc6 27. g3 a5 28. Rb7 R6c7 29. Rxc7 Rxc7 30. Rd1 Nc6 31. Bc4 Nd4 32. b3 h6 33. Kg2 Kf7 34. Re1 Rc6 35. h4 Bh8 36. Nd2 Bf6 37. Re4 Bg7 38. Rg4 Bf6 39. Bd3 Nf5 40. Nc4 Rc5 41. a3 Bc3 42. Rf4 Bf6 43. Kf1 Rd5 44. Be4 Rc5 45. Bg2 e5 46. Rf3 Nd4 47. Rd3 Ke6 48. Bh3+ Kd5 49. Bg2+ Ke6 0-1

[Event "Bundesliga 8788"]
[Site "Germany"]
[Date "1987.??.??"]
[Round "?.3"]
[White "Huenerkopf, Heinz"]
[Black "Graf, Juergen"]
[Result "1/2-1/2"]
[WhiteElo "2255"]
[BlackElo "2405"]
[PlyCount "100"]
[EventDate "1987.10.??"]
[EventType "team-tourn"]
[EventRounds "15"]
[EventCountry "GER"]
[SourceTitle "GER-chT"]
[Source "ChessBase"]
[SourceDate "1999.07.01"]
[SourceVersion "1"]
[SourceVersionDate "1999.07.01"]
[SourceQuality "1"]
[WhiteTeam "Erlangen"]
[BlackTeam "Bochum"]
[WhiteTeamCountry "GER"]
[BlackTeamCountry "GER"]

1. e4 Nf6 2. e5 Nd5 3. c4 Nb6 4. c5 Nd5 5. d4 b6 6. cxb6 axb6 7. Bc4 e6 8. Ne2 Ba6 9. Bxd5 exd5 10. Nbc3 c6 11. 0-0 Be7 12. Re1 Bxe2 13. Nxe2 Na6 14. Ng3 Nc7 15. f4 g6 16. f5 Bg5 17. Qg4 Bxc1 18. Raxc1 Qe7 19. Qf4 0-0-0 20. Re3 Kb7 21. Ra3 Ra8 22. Rxa8 Rxa8 23. a3 Ra4 24. Qe3 Qh4 25. Rd1 Qg4 26. Rd2 gxf5 27. Rf2 Rxd4 28. h3 Qd1+ 29. Kh2 f4 30. Rxf4 Rd3 31. Qf2 Rd2 32. Qf3 Qxf3 33. Rxf3 Ne6 34. Rxf7 Kc8 35. Rxh7 Nf4 36. Nh5 Rxg2+ 37. Kh1 Rf2 38. Nf6 d4 39. Rxd7 d3 40. e6 Nxe6 41. Ng4 Rf3 42. Rd6 Nf4 43. Ne5 Rxh3+ 44. Kg1 Re3 45. Nc4 Re2 46. Rxc6+ Kd7 47. Rd6+ Kc7 48. Rd4 Ne6 49. Rxd3 b5 50. Nd6 Rxb2 1/2-1/2

[Event "Augsburg 8788"]
[Site "Augsburg"]
[Date "1987.??.??"]
[Round "11"]
[White "Huenerkopf, Heinz"]
[Black "Vegh, Endre"]
[Result "1/2-1/2"]
[WhiteElo "2255"]
[BlackElo "2375"]
[PlyCount "20"]
[EventDate "1987.12.??"]
[EventType "tourn"]
[EventRounds "11"]
[EventCountry "GER"]
[EventCategory "5"]
[SourceTitle "EXT 2001"]
[Source "ChessBase"]
[SourceDate "2000.11.22"]
[SourceVersion "1"]
[SourceVersionDate "2000.11.22"]
[SourceQuality "1"]

1. e4 e5 2. Nf3 Nc6 3. Bb5 a6 4. Ba4 Nf6 5. 0-0 Be7 6. Bxc6 dxc6 7. d3 Nd7 8. Be3 0-0 9. Nbd2 c5 10. a4 f6 1/2-1/2

[Event "Augsburg 8788"]
[Site "Augsburg"]
[Date "1987.??.??"]
[Round "10"]
[White "Renner, Christoph"]
[Black "Huenerkopf, Heinz"]
[Result "1/2-1/2"]
[WhiteElo "2255"]
[BlackElo "2255"]
[PlyCount "41"]
[EventDate "1987.12.??"]
[EventType "tourn"]
[EventRounds "11"]
[EventCountry "GER"]
[EventCategory "5"]
[SourceTitle "EXT 2001"]
[Source "ChessBase"]
[SourceDate "2000.11.22"]
[SourceVersion "1"]
[SourceVersionDate "2000.11.22"]
[SourceQuality "1"]

1. e4 c5 2. c3 d5 3. exd5 Qxd5 4. d4 Nf6 5. Nf3 Bg4 6. Be2 e6 7. 0-0 Nc6 8. h3 Bh5 9. Be3 cxd4 10. Nxd4 Bxe2 11. Qxe2 Be7 12. Rd1 0-0 13. c4 Nxd4 14. Bxd4 Qc6 15. Nc3 Rfd8 16. b3 Rd7 17. Rd3 Rad8 18. Rad1 a6 19. Be3 Bb4 20. Rxd7 Rxd7 21. Rxd7 1/2-1/2

[Event "Augsburg 8788"]
[Site "Augsburg"]
[Date "1987.??.??"]
[Round "9"]
[White "Roeder, Gerd"]
[Black "Huenerkopf, Heinz"]
[Result "1-0"]
[WhiteElo "2295"]
[BlackElo "2255"]
[PlyCount "87"]
[EventDate "1987.12.??"]
[EventType "tourn"]
[EventRounds "11"]
[EventCountry "GER"]
[EventCategory "5"]
[SourceTitle "EXT 2001"]
[Source "ChessBase"]
[SourceDate "2000.11.22"]
[SourceVersion "1"]
[SourceVersionDate "2000.11.22"]
[SourceQuality "1"]

1. e4 c5 2. c3 Nf6 3. e5 Nd5 4. d4 cxd4 5. cxd4 d6 6. Bc4 Nb6 7. Bb3 Nc6 8. e6 fxe6 9. Nf3 e5 10. dxe5 d5 11. Nc3 e6 12. 0-0 Be7 13. Bc2 0-0 14. Qd3 g6 15. a3 Nd7 16. Qe2 b6 17. b4 Bb7 18. Bb2 Rc8 19. Nb5 Ba6 20. Bd3 Bxb5 21. Bxb5 Ndb8 22. Bd3 Qd7 23. h4 a5 24. b5 Nd8 25. g3 Bc5 26. h5 gxh5 27. Kg2 Rc7 28. Rh1 Qe8 29. Raf1 Rcf7 30. Nd4 Nd7 31. Qxh5 Qe7 32. f4 Rg7 33. Rh4 Rff7 34. Nf3 Nf8 35. Ng5 Bxa3 36. Bxa3 Qxa3 37. Nxf7 Qxd3 38. Nh6+ Kh8 39. Qf3 Qxb5 40. f5 Qe8 41. Rg4 exf5 42. Rxg7 Kxg7 43. Nxf5+ Kh8 44. Nd6 1-0

[Event "Bundesliga 1985/86 playoff place12"]
[Site "Germany"]
[Date "1986.05.04"]
[Round "1.2"]
[White "Fahnenschmidt, Gerhard"]
[Black "Huenerkopf, Heinz"]
[Result "1/2-1/2"]
[WhiteElo "2340"]
[BlackElo "2275"]
[PlyCount "36"]
[EventDate "1986.05.04"]
[EventType "team-match"]
[EventRounds "1"]
[EventCountry "GER"]
[SourceTitle "GER-chT"]
[Source "ChessBase"]
[SourceDate "1999.07.01"]
[SourceVersion "1"]
[SourceVersionDate "1999.07.01"]
[SourceQuality "1"]
[WhiteTeam "Sindelfingen"]
[BlackTeam "Erlangen"]
[WhiteTeamCountry "GER"]
[BlackTeamCountry "GER"]

1. Nf3 Nf6 2. c4 g6 3. Nc3 d5 4. cxd5 Nxd5 5. d4 Bg7 6. Qb3 Nb6 7. Bg5 h6 8. Bh4 Be6 9. Qc2 Nc6 10. Rd1 Nb4 11. Qb1 0-0 12. e3 Bf5 13. e4 Bg4 14. d5 g5 15. Bg3 f5 16. a3 f4 17. axb4 fxg3 18. hxg3 Rxf3 1/2-1/2

[Event "Bundesliga 1985/86"]
[Site "Germany"]
[Date "1986.04.13"]
[Round "15.2"]
[White "Huenerkopf, Heinz"]
[Black "Davies, Nigel Rodney"]
[Result "0-1"]
[WhiteElo "2275"]
[BlackElo "2410"]
[PlyCount "110"]
[EventDate "1985.11.09"]
[EventType "team-tourn"]
[EventRounds "15"]
[EventCountry "GER"]
[SourceTitle "GER-chT"]
[Source "ChessBase"]
[SourceDate "1999.07.01"]
[SourceVersion "1"]
[SourceVersionDate "1999.07.01"]
[SourceQuality "1"]
[WhiteTeam "Erlangen"]
[BlackTeam "Zehlendorf"]
[WhiteTeamCountry "GER"]
[BlackTeamCountry "GER"]

1. e4 g6 2. d4 Bg7 3. Nf3 d6 4. Be2 Nf6 5. Nc3 0-0 6. 0-0 c5 7. dxc5 dxc5 8. Be3 b6 9. Re1 Nc6 10. h3 Qc7 11. Qc1 Bb7 12. Bh6 Rad8 13. Qf4 Qxf4 14. Bxf4 Nd4 15. Bd1 Ne8 16. a4 Nd6 17. a5 Nc4 18. axb6 axb6 19. Ra7 Ba8 20. Nxd4 Bxd4 21. Na4 Nxb2 22. Nxb2 Bxb2 23. Bf3 c4 24. Rxe7 b5 25. Rb1 c3 26. Bh6 Rfe8 27. Rxe8+ Rxe8 28. Rd1 b4 29. Rd7 Rc8 30. Be2 Bc6 31. Ra7 Bxe4 32. Re7 Bd5 33. Ba6 Rd8 34. Rc7 b3 35. cxb3 Bxb3 36. Bc4 Bxc4 37. Rxc4 Bc1 38. Bxc1 Rd1+ 39. Kh2 Rxc1 40. Rc7 Kg7 41. Kg3 Kf6 42. Kf3 Ke6 43. Ke2 h5 44. h4 c2 45. g3 Kd6 46. Rc8 Kd5 47. Rd8+ Ke4 48. Re8+ Kf5 49. Rc8 Kg4 50. Rc4+ Kh3 51. Kf3 Kh2 52. Kf4 Kg2 53. f3 Kh3 54. Rc8 Ra1 55. Rxc2 Ra4+ 0-1

[Event "Bundesliga 1985/86"]
[Site "Germany"]
[Date "1986.02.01"]
[Round "8.2"]
[White "Troeger, Paul"]
[Black "Huenerkopf, Heinz"]
[Result "1/2-1/2"]
[WhiteElo "2255"]
[BlackElo "2275"]
[PlyCount "37"]
[EventDate "1985.11.09"]
[EventType "team-tourn"]
[EventRounds "15"]
[EventCountry "GER"]
[SourceTitle "GER-chT"]
[Source "ChessBase"]
[SourceDate "1999.07.01"]
[SourceVersion "1"]
[SourceVersionDate "1999.07.01"]
[SourceQuality "1"]
[WhiteTeam "Koeln Porz"]
[BlackTeam "Erlangen"]
[WhiteTeamCountry "GER"]
[BlackTeamCountry "GER"]

1. d4 Nf6 2. Nf3 g6 3. Nbd2 c5 4. e3 cxd4 5. exd4 Bg7 6. Bc4 d5 7. Bd3 Nc6 8. c3 0-0 9. 0-0 e5 10. Nxe5 Nxe5 11. dxe5 Ng4 12. Be2 Nxe5 13. Nf3 Nc6 14. Be3 Bg4 15. h3 Bxf3 16. Bxf3 d4 17. cxd4 Nxd4 18. Bxd4 Bxd4 19. Qb3 1/2-1/2

[Event "Rilton Cup-15 1985/86"]
[Site "Stockholm"]
[Date "1986.01.04"]
[Round "9"]
[White "Hartman, Christer"]
[Black "Huenerkopf, Heinz"]
[Result "0-1"]
[WhiteElo "2335"]
[BlackElo "2275"]
[PlyCount "94"]
[EventDate "1985.12.27"]
[EventType "swiss"]
[EventRounds "9"]
[EventCountry "SWE"]
[SourceTitle "EXT 2018"]
[Source "ChessBase"]
[SourceDate "2017.10.13"]
[SourceVersion "1"]
[SourceVersionDate "2017.10.13"]
[SourceQuality "1"]

1. e4 c5 2. Nf3 d6 3. d4 cxd4 4. Nxd4 Nf6 5. Nc3 a6 6. Bg5 e6 7. f4 Qb6 8. Qd2 Qxb2 9. Rb1 Qa3 10. e5 dxe5 11. fxe5 Nfd7 12. Bc4 Qa5 13. 0-0 Nxe5 14. Rbe1 Nxc4 15. Qf4 Nd6 16. Ne4 Qc7 17. c4 h6 18. Nf5 hxg5 19. Nfxd6+ Bxd6 20. Nxd6+ Kf8 21. Qxf7+ Qxf7 22. Nxf7 Rh4 23. Nd6+ Rf4 24. Nxc8 Nd7 25. g3 Rf6 26. Nd6 Nc5 27. Ne4 Nxe4 28. Rxe4 Rxf1+ 29. Kxf1 Ke7 30. c5 Rc8 31. Rb4 Rc7 32. Ke2 Kf6 33. Kd3 Rxc5 34. Rxb7 Rb5 35. Rxb5 axb5 36. Ke4 Ke7 37. Ke5 Kd7 38. h4 gxh4 39. gxh4 Ke7 40. h5 Kd7 41. Kf4 Kd6 42. Kg5 e5 43. Kg4 Kd5 44. Kf3 Kd4 45. Ke2 b4 46. Kd2 e4 47. Ke2 e3 0-1

[Event "Rilton Cup-15 1985/86"]
[Site "Stockholm"]
[Date "1986.01.01"]
[Round "6"]
[White "Wedberg, Tom"]
[Black "Huenerkopf, Heinz"]
[Result "1-0"]
[WhiteElo "2500"]
[BlackElo "2275"]
[PlyCount "34"]
[EventDate "1985.12.27"]
[EventType "swiss"]
[EventRounds "9"]
[EventCountry "SWE"]
[SourceTitle "EXT 2018"]
[Source "ChessBase"]
[SourceDate "2017.10.13"]
[SourceVersion "1"]
[SourceVersionDate "2017.10.13"]
[SourceQuality "1"]

1. e4 c5 2. Nf3 d6 3. d4 cxd4 4. Nxd4 Nf6 5. Nc3 a6 6. Bg5 e6 7. f4 Qb6 8. Qd2 Qxb2 9. Rb1 Qa3 10. Bxf6 gxf6 11. Be2 Bg7 12. f5 Nc6 13. Nxc6 bxc6 14. Rb3 Qa5 15. Qxd6 Ra7 16. Rb8 Rc7 17. fxe6 fxe6 1-0

[Event "Gausdal Int"]
[Site "Gausdal"]
[Date "1986.??.??"]
[Round "?"]
[White "Ernst, Thomas"]
[Black "Huenerkopf, Heinz"]
[Result "1-0"]
[WhiteElo "2445"]
[BlackElo "2270"]
[PlyCount "83"]
[EventDate "1986.07.??"]
[EventType "swiss"]
[EventRounds "9"]
[EventCountry "NOR"]
[SourceTitle "EXT 1997"]
[Source "ChessBase"]
[SourceDate "1996.11.15"]
[SourceVersion "1"]
[SourceVersionDate "1996.11.15"]
[SourceQuality "1"]

1. e4 c5 2. Nf3 d6 3. d4 cxd4 4. Nxd4 Nf6 5. Nc3 a6 6. Bg5 e6 7. f4 Qb6 8. Qd2 Qxb2 9. Rb1 Qa3 10. f5 Nc6 11. fxe6 fxe6 12. Nxc6 bxc6 13. e5 dxe5 14. Bxf6 gxf6 15. Ne4 Be7 16. Be2 h5 17. Bf3 Ra7 18. Rb8 Rc7 19. 0-0 f5 20. Ng3 Qd6 21. Bxh5+ Kd8 22. Qe2 Rd7 23. Ra8 Qc5+ 24. Kh1 Qb5 25. c4 Qc5 26. Bf7 Rd4 27. Rxc8+ Kxc8 28. Bxe6+ Kc7 29. Nxf5 Rf4 30. Rb1 Rf2 31. Qg4 Qb4 32. Rg1 Rf8 33. h3 Rf4 34. Qh5 Rf6 35. Nxe7 Rxe6 36. Ng6 Rxc4 37. Nxe5 Rh4 38. Qf7+ Re7 39. Qf6 Kb6 40. Qxc6+ Ka7 41. Qd5 Qe4 42. Qxe4 1-0

[Event "Lloyds Bank op 10th"]
[Site "London"]
[Date "1986.??.??"]
[Round "6"]
[White "Huenerkopf, Heinz"]
[Black "Barber, Haydn J"]
[Result "0-1"]
[WhiteElo "2270"]
[BlackElo "2320"]
[PlyCount "88"]
[EventDate "1986.08.??"]
[EventType "swiss"]
[EventRounds "9"]
[EventCountry "ENG"]
[SourceTitle "EXT 2000"]
[Source "ChessBase"]
[SourceDate "1999.11.16"]
[SourceVersion "1"]
[SourceVersionDate "1999.11.16"]
[SourceQuality "1"]

1. e4 c5 2. Nf3 Nc6 3. c3 Nf6 4. e5 Nd5 5. d4 cxd4 6. Bc4 Nb6 7. Bb3 d5 8. exd6 Qxd6 9. 0-0 Be6 10. Na3 Bxb3 11. Qxb3 Rc8 12. Nb5 Qd5 13. Nxa7 Qxb3 14. axb3 Ra8 15. Nxc6 Rxa1 16. Ncxd4 e6 17. Nc2 Ra8 18. c4 Rc8 19. Ne5 Be7 20. Be3 Nd5 21. Bd4 f6 22. Nd3 b5 23. Na3 Bxa3 24. cxd5 Be7 25. Re1 e5 26. Bb6 Kf7 27. b4 Rc4 28. Ra1 e4 29. Nc5 Re8 30. Re1 Rxb4 31. g3 Bd8 32. Bxd8 Rxd8 33. Nxe4 Rxd5 34. Re2 Rd1+ 35. Kg2 Rb1 36. Nd6+ Kg6 37. Re7 R4xb2 38. Ne8 Rc1 39. Rxg7+ Kf5 40. Rb7 Rcc2 41. Rxb5+ Rxb5 42. Nd6+ Ke5 43. Nxb5 Rc5 44. Na3 Kd4 0-1